000 00297nam a2200109Ia 4500
008 200302s9999 xx 000 0 und d
100 _aJane Amidon
245 _aGrant Jones / Jones & Jones Ilaris : 4 The Puget Sound Plan
260 _bPrinceton Architectural Press
260 _c2007
300 _a128
999 _c4688
_d4688